000 01407nam0a22003611 4500
001 v19\rc\1329740
005 20250618120856.0
035 _a(NLR Aleph) 004560649
090 _a2268746
_c2268746
100 _a20060512d1847 |||y0rusy50 ca
101 1 _arus
_cpol
102 _aRU
105 _ay z |||a|
200 1 _aПовесть из складчины
_f[Соч.] Крашевского и Иоон-оф-Дыкальпа [псевд.]
_gПер. с пол. Г...ха Яшмовского
210 _aМосква
_cтип. скоропеч. В. Кирилова
_d1847
215 _a201 с.
_d19
300 _aИоон-оф-Дыкальпа - псевд. Плацида Янковского
700 1 _9z01790
_aКрашевский
_bЮ.И.
_f1812-1887
_gЮзеф Игнацы
701 1 _9z02790
_aЯнковский
_bП.
_f1812-1887
_gПлацид
702 1 _9z03790
_aЯшмивский
_bГ.
_gГ-х
_4730
790 1 _9z01700
_aКрашевский
_bИ.И.
_f1812-1887
_gИосиф Игнатий
790 0 _9z02701
_aИоон-оф-Дыкальпа
_f1812-1887
790 1 _9z03702
_aЯшмовский
_bГ.
_gГ...х
801 0 _aRU
_bNLR
_gpsbo
801 0 _aRU
_bRuMoRGB
_2psbo
801 1 _aRU
_bProSoft-M
_2rusmarc
852 _aNLR
_j18.264.4.15
899 _aRuMoRGB
_jE 95/245
899 _aRuMoRGB
_jE 50/23
899 _aБАН
899 _aНБ МГУ
942 _cBOOK
980 _aNB